000 00844cam a2200253 a 4500
001 11987712
005 20171227032624.0
008 000427s2001 cau b 001 0 eng
010 _a 00033243
020 _a0767422562
020 _z0767416447
040 _aDLC
_cDLC
_dDLC
041 _aeng
043 _an-us---
080 _a305.420973 RUT
082 0 0 _a305.420973 RUT
_221
100 _a50
101 _aSOC
245 0 0 _aIssues in feminism :
_c[compiled by] Sheila Ruth.
504 _aIncludes bibliographical references (p. 590-612) and index.
906 _a7
_bcbc
_corignew
_d1
_eocip
_f20
_gy-gencatlg
942 _2ddc
_cBK
999 _c39428
_d39428